A guide to preaching: (Record no. 11556)

000 -LEADER
fixed length control field 00615nam a2200181 a 4500
001 - CONTROL NUMBER
control field :::00009355$&:&@@
003 - CONTROL NUMBER IDENTIFIER
control field OkBaRHE
005 - DATE AND TIME OF LATEST TRANSACTION
control field 20000607103350.0
008 - FIXED-LENGTH DATA ELEMENTS--GENERAL INFORMATION
fixed length control field s1973 j 000 0 eng u
040 ## - CATALOGING SOURCE
Transcribing agency
100 1# - MAIN ENTRY--PERSONAL NAME
Personal name White, R. E. O. (Reginald Ernest Oscar), 1914-
245 12 - TITLE STATEMENT
Title A guide to preaching:
Remainder of title a practical primer of homiletics.
260 ## - PUBLICATION, DISTRIBUTION, ETC. (IMPRINT)
Place of publication, distribution, etc Grand Rapids, MI., :
Name of publisher, distributor, etc William B. Eerdmans Publishing Company
Date of publication, distribution, etc c1973
300 ## - PHYSICAL DESCRIPTION
Extent 244 p. ;
Dimensions 21 cm.
650 ## - SUBJECT ADDED ENTRY--TOPICAL TERM
Topical term or geographic name as entry element Preaching
942 ## - ADDED ENTRY ELEMENTS (KOHA)
Source of classification or shelving scheme
Koha item type Books
Copies
Source of classification or shelving scheme Copy number Price effective from Shelving location Barcode Damaged status Date acquired Koha item type Withdrawn status Not for loan Lost status Date last seen Full call number Permanent Location
 12010-04-14General Stacks9355 2010-04-14Books   2010-04-14BV 4211 .W473RHEMA Bible Training College